Cycling - Nationalities of Men's WorldTour riders 2025 - Part 2 - Statistics

General Stats
  • This quiz has been taken 8 times
  • The average score is 163 of 269
Answer Stats
Team Rider Country of nationality % Correct
Bahrain - Victorious Jack Haig Australia
86%
Bahrain - Victorious Vlad Van Mechelen Belgium
86%
Bahrain - Victorious Santiago Buitrago Colombia
86%
EF Education - EasyPost Kasper Asgreen Denmark
86%
EF Education - EasyPost Mikkel Frølich Honoré Denmark
86%
EF Education - EasyPost Richard Carapaz Ecuador
86%
Bahrain - Victorious Lenny Martinez France
86%
EF Education - EasyPost Alex Baudin France
86%
Bahrain - Victorious Phil Bauhaus Germany
86%
EF Education - EasyPost Ben Healy Ireland
86%
Bahrain - Victorious Antonio Tiberi Italy
86%
Bahrain - Victorious Edoardo Zambanini Italy
86%
Bahrain - Victorious Max Van Der Meulen Netherlands
86%
Team Picnic PostNL Nils Eekhoff Netherlands
86%
Bahrain - Victorious Torstein Træen Norway
86%
EF Education - EasyPost Rui Costa Portugal
86%
Bahrain - Victorious Matej Mohorič Slovenia
86%
Bahrain - Victorious Pello Bilbao Spain
86%
Bahrain - Victorious Fred Wright UK
86%
EF Education - EasyPost James Shaw UK
86%
EF Education - EasyPost Neilson Powless USA
86%
EF Education - EasyPost Sean Quinn USA
86%
EF Education - EasyPost Colby Simmons USA
86%
EF Education - EasyPost Harry Sweeny Australia
71%
Team Picnic PostNL Alex Edmondson Australia
71%
Team Picnic PostNL Chris Hamilton Australia
71%
Team Jayco AlUla Luke Durbridge Australia
71%
Team Jayco AlUla Chris Harper Australia
71%
Team Jayco AlUla Michael Matthews Australia
71%
Team Jayco AlUla Ben O'Connor Australia
71%
Team Jayco AlUla Luke Plapp Australia
71%
Movistar Team Gregor Mühlberger Austria
71%
EF Education - EasyPost Esteban Chaves Colombia
71%
Movistar Team Fernando Gaviria Colombia
71%
Movistar Team Nairo Quintana Colombia
71%
Movistar Team Einer Rubio Colombia
71%
Team Picnic PostNL Pavel Bittner Czechia
71%
Team Picnic PostNL Tobias Lund Andresen Denmark
71%
Team Jayco AlUla Asbjørn Hellemose Denmark
71%
EF Education - EasyPost Jefferson Alexander Cepeda Ecuador
71%
Team Picnic PostNL Romain Bardet France
71%
Groupama - FDJ Cyril Barthe France
71%
Groupama - FDJ Clément Braz Afonso France
71%
Groupama - FDJ Rémi Cavagna France
71%
Groupama - FDJ David Gaudu France
71%
Groupama - FDJ Romain Grégoire France
71%
Groupama - FDJ Valentin Madouas France
71%
Groupama - FDJ Guillaume Martin France
71%
Groupama - FDJ Rémy Rochas France
71%
Arkéa - B&B Hotels Arnaud Démare France
71%
Arkéa - B&B Hotels Kévin Vauquelin France
71%
Arkéa - B&B Hotels Clément Venturini France
71%
Bahrain - Victorious Nikias Arndt Germany
71%
EF Education - EasyPost Georg Steinhauser Germany
71%
Movistar Team Michel Hessmann Germany
71%
Team Picnic PostNL John Degenkolb Germany
71%
Team Picnic PostNL Niklas Märkl Germany
71%
Team Jayco AlUla Felix Engelhardt Germany
71%
Team Jayco AlUla Jasha Sütterlin Germany
71%
Team Jayco AlUla Max Walscheid Germany
71%
EF Education - EasyPost Archie Ryan Ireland
71%
Team Jayco AlUla Eddie Dunbar Ireland
71%
Bahrain - Victorious Alberto Bruttomesso Italy
71%
Bahrain - Victorious Nicolò Buratti Italy
71%
Bahrain - Victorious Damiano Caruso Italy
71%
EF Education - EasyPost Vincenzo Albanese Italy
71%
Team Jayco AlUla Filippo Zana Italy
71%
Arkéa - B&B Hotels Alessandro Verre Italy
71%
EF Education - EasyPost Yuhi Todome Japan
71%
EF Education - EasyPost Marijn Van Den Berg Netherlands
71%
EF Education - EasyPost Jardi Christiaan Van Der Lee Netherlands
71%
Team Picnic PostNL Timo De Jong Netherlands
71%
Team Picnic PostNL Fabio Jakobsen Netherlands
71%
Team Picnic PostNL Julius Van Den Berg Netherlands
71%
Team Picnic PostNL Frank Van Den Broek Netherlands
71%
Team Picnic PostNL Casper Van Uden Netherlands
71%
Groupama - FDJ Lars Van Den Berg Netherlands
71%
Team Jayco AlUla Koen Bouwman Netherlands
71%
Team Jayco AlUla Dylan Groenewegen Netherlands
71%
Movistar Team Nelson Oliveira Portugal
71%
Movistar Team Pablo Castrillo Spain
71%
Movistar Team Enric Mas Spain
71%
Movistar Team Iván Romeo Spain
71%
Movistar Team Javier Romo Spain
71%
Movistar Team Pelayo Sánchez Spain
71%
Movistar Team Gonzalo Serrano Spain
71%
Movistar Team Albert Torres Spain
71%
Arkéa - B&B Hotels Raúl García Pierna Spain
71%
Groupama - FDJ Stefan Küng Switzerland
71%
Team Jayco AlUla Mauro Schmid Switzerland
71%
Bahrain - Victorious Oliver Stockwell UK
71%
EF Education - EasyPost Hugh Carthy UK
71%
EF Education - EasyPost Owain Doull UK
71%
EF Education - EasyPost Jack Rootkin-Gray UK
71%
EF Education - EasyPost Max Walker UK
71%
Team Picnic PostNL Oscar Onley UK
71%
Team Picnic PostNL Max Poole UK
71%
Groupama - FDJ Lewis Askey UK
71%
Team Jayco AlUla Paul Double UK
71%
Team Picnic PostNL Kevin Vermaerke USA
71%
Movistar Team Orluis Aular Venezuela
71%
EF Education - EasyPost Alastair Mackellar Australia
57%
Team Picnic PostNL Matthew Dinham Australia
57%
Team Picnic PostNL Patrick Eddy Australia
57%
Team Jayco AlUla Michael Hepburn Australia
57%
Team Jayco AlUla Kelland O'Brien Australia
57%
Arkéa - B&B Hotels Miles Scotson Australia
57%
Bahrain - Victorious Rainer Kepplinger Austria
57%
Team Jayco AlUla Patrick Gamper Austria
57%
Team Picnic PostNL Robbe Dhondt Belgium
57%
Arkéa - B&B Hotels Jenthe Biermans Belgium
57%
Arkéa - B&B Hotels Amaury Capiot Belgium
57%
Arkéa - B&B Hotels Laurens Huys Belgium
57%
Cofidis Piet Allegaert Belgium
57%
Cofidis Aimé De Gendt Belgium
57%
Cofidis Milan Fretin Belgium
57%
Cofidis Sylvain Moniquet Belgium
57%
Cofidis Ludovic Robeet Belgium
57%
Movistar Team Kevin David Castillo Colombia
57%
Movistar Team Diego Pescador Colombia
57%
Team Picnic PostNL Juan Guillermo Martinez Colombia
57%
Bahrain - Victorious Fran Miholjević Croatia
57%
EF Education - EasyPost Michael Valgren Denmark
57%
Movistar Team Mathias Norsgaard Denmark
57%
Team Jayco AlUla Anders Foldager Denmark
57%
Team Jayco AlUla Christopher Juul-Jensen Denmark
57%
Movistar Team Jefferson Alveiro Cepeda Ecuador
57%
Movistar Team Natnael Tesfatsion Eritrea
57%
EF Education - EasyPost Madis Mihkels Estonia
57%
Team Picnic PostNL Warren Barguil France
57%
Team Picnic PostNL Romain Combaud France
57%
Groupama - FDJ Clément Davy France
57%
Groupama - FDJ Tom Donnenwirth France
57%
Groupama - FDJ Thibaud Gruel France
57%
Groupama - FDJ Aurélien Kayser France
57%
Groupama - FDJ Olivier Le Gac France
57%
Groupama - FDJ Eddy Le Huitouze France
57%
Groupama - FDJ Victor Loulergue France
57%
Groupama - FDJ Rudy Molard France
57%
Groupama - FDJ Quentin Pacher France
57%
Groupama - FDJ Enzo Paleni France
57%
Groupama - FDJ Paul Penhoët France
57%
Groupama - FDJ Brieuc Rolland France
57%
Groupama - FDJ Clément Russo France
57%
Arkéa - B&B Hotels Camille Charret France
57%
Arkéa - B&B Hotels Ewen Costiou France
57%
Arkéa - B&B Hotels Anthony Delaplace France
57%
Arkéa - B&B Hotels Élie Gesbert France
57%
Arkéa - B&B Hotels Donavan Grondin France
57%
Arkéa - B&B Hotels Thibault Guernalec France
57%
Arkéa - B&B Hotels Victor Guernalec France
57%
Arkéa - B&B Hotels Simon Guglielmi France
57%
Arkéa - B&B Hotels Mathis Le Berre France
57%
Arkéa - B&B Hotels Léandre Lozouet France
57%
Arkéa - B&B Hotels Louis Rouland France
57%
Arkéa - B&B Hotels Florian Sénéchal France
57%
Arkéa - B&B Hotels Pierre Thierry France
57%
Cofidis Bryan Coquard France
57%
Cofidis Nicolas Debeaumarché France
57%
Cofidis Valentin Ferron France
57%
Cofidis Eddy Finé France
57%
Cofidis Léandre Huck France
57%
Cofidis Clément Izquierdo France
57%
Cofidis Paul Ourselin France
57%
Cofidis Anthony Perez France
57%
Cofidis Alexis Renard France
57%
Cofidis Emanuel Buchmann Germany
57%
EF Education - EasyPost Darren Rafferty Ireland
57%
Bahrain - Victorious Andrea Pasqualon Italy
57%
EF Education - EasyPost Samuele Battistella Italy
57%
Movistar Team Davide Cimolai Italy
57%
Movistar Team Davide Formolo Italy
57%
Movistar Team Lorenzo Milesi Italy
57%
Groupama - FDJ Lorenzo Germani Italy
57%
Team Jayco AlUla Filippo Conca Italy
57%
Team Jayco AlUla Alessandro De Marchi Italy
57%
Team Jayco AlUla Davide De Pretto Italy
57%
Arkéa - B&B Hotels Luca Mozzato Italy
57%
Cofidis Tommaso Dati Italy
57%
Cofidis Stefano Oldani Italy
57%
Groupama - FDJ Kevin Geniets Luxembourg
57%
Bahrain - Victorious Mathijs Paasschens Netherlands
57%
Team Picnic PostNL Gijs Leemreize Netherlands
57%
Team Picnic PostNL Enzo Leijnse Netherlands
57%
Team Picnic PostNL Tim Naberman Netherlands
57%
Team Picnic PostNL Timo Roosen Netherlands
57%
Team Picnic PostNL Bram Welten Netherlands
57%
Team Jayco AlUla Jelte Krijnsen Netherlands
57%
Team Jayco AlUla Elmar Reinders Netherlands
57%
Cofidis Jan Maas Netherlands
57%
Team Jayco AlUla Campbell Stewart New Zealand
57%
Groupama - FDJ Sven Erik Bystrøm Norway
57%
Arkéa - B&B Hotels Embret Svestad-Bårdseng Norway
57%
Arkéa - B&B Hotels Martin Tjøtta Norway
57%
Cofidis Stanisław Aniołkowski Poland
57%
Bahrain - Victorious Afonso Eulálio Portugal
57%
Movistar Team Ruben Guerreiro Portugal
57%
Bahrain - Victorious Roman Ermakov Russia
57%
Bahrain - Victorious Žak Eržen Slovenia
57%
Bahrain - Victorious Matevž Govekar Slovenia
57%
Team Jayco AlUla Luka Mezgec Slovenia
57%
EF Education - EasyPost Markel Beloki Spain
57%
Movistar Team Jorge Arcas Spain
57%
Movistar Team Jon Barrenetxea Spain
57%
Movistar Team Carlos Canal Spain
57%
Movistar Team Iván García Cortina Spain
57%
Movistar Team Antonio Pedrero Spain
57%
Arkéa - B&B Hotels Cristián Rodríguez Spain
57%
Cofidis Alex Aranburu Spain
57%
Cofidis Jesús Herrada Spain
57%
Cofidis Ion Izagirre Spain
57%
Cofidis Jonathan Lastra Spain
57%
Bahrain - Victorious Finlay Pickering UK
57%
Team Picnic PostNL Sean Flynn UK
57%
Groupama - FDJ Matthew Walls UK
57%
Team Jayco AlUla Robert Donaldson UK
57%
Cofidis Simon Carr UK
57%
Cofidis Oliver Knight UK
57%
Movistar Team Will Barta USA
57%
Bahrain - Victorious Robert Stannard Australia
43%
Cofidis Dylan Teuns Belgium
43%
Intermarché - Wanty Kamiel Bonneu Belgium
43%
Intermarché - Wanty Vito Braet Belgium
43%
Intermarché - Wanty Dries De Pooter Belgium
43%
Intermarché - Wanty Kobe Goossens Belgium
43%
Intermarché - Wanty Gerben Kuypers Belgium
43%
Intermarché - Wanty Arne Marit Belgium
43%
Intermarché - Wanty Tom Paquot Belgium
43%
Intermarché - Wanty Laurenz Rex Belgium
43%
Intermarché - Wanty Gerben Thijssen Belgium
43%
Intermarché - Wanty Luca Van Boven Belgium
43%
Intermarché - Wanty Gijs Van Hoecke Belgium
43%
Intermarché - Wanty Biniam Girmay Eritrea
43%
Team Jayco AlUla Welay Hagos Berhe Ethiopia
43%
Cofidis Nolann Mahoudo France
43%
Cofidis Sam Maisonobe France
43%
Cofidis Benjamin Thomas France
43%
Cofidis Hugo Toumire France
43%
Cofidis Damien Touzé France
43%
Intermarché - Wanty Louis Barré France
43%
Intermarché - Wanty Alexy Faure Prost France
43%
Intermarché - Wanty Hugo Page France
43%
Intermarché - Wanty Adrien Petit France
43%
Intermarché - Wanty Jonas Rutsch Germany
43%
Intermarché - Wanty Georg Zimmermann Germany
43%
Team Picnic PostNL Dillon Corkery Ireland
43%
Cofidis Jamie Meehan Ireland
43%
Movistar Team Manlio Moro Italy
43%
Arkéa - B&B Hotels Giosuè Epis Italy
43%
Intermarché - Wanty Francesco Busatto Italy
43%
Intermarché - Wanty Kevin Colleoni Italy
43%
Intermarché - Wanty Simone Petilli Italy
43%
Intermarché - Wanty Lorenzo Rota Italy
43%
Intermarché - Wanty Huub Artz Netherlands
43%
Intermarché - Wanty Taco Van Der Hoorn Netherlands
43%
Intermarché - Wanty Roel Van Sintmaartensdijk Netherlands
43%
Bahrain - Victorious Kamil Gradek Poland
43%
Team Jayco AlUla Alan Hatherly South Africa
43%
Intermarché - Wanty Louis Meintjes South Africa
43%
Cofidis Sergio Samitier Spain
43%
Groupama - FDJ Johan Jacobs Switzerland
43%
EF Education - EasyPost Lukas Nerurkar UK
43%
Arkéa - B&B Hotels Michel Ries Luxembourg
29%
Groupama - FDJ Lewis Bower New Zealand
29%
Intermarché - Wanty Dion Smith New Zealand
29%
Bahrain - Victorious Sergio Tu Taiwan
29%
Intermarché - Wanty Alexander Kamp Denmark
14%
Bahrain - Victorious Daniel Skerl Italy
14%
Team Picnic PostNL Bjorn Koerdt UK
14%
No matching quizzes found
Score Distribution
Percent of People with Each Score
Percentile by Number Answered
Your Score History
You have not taken this quiz